000 00360pam a2200145 a 4500
020 _a9789350500291
_c
041 _aeng
082 _a617.3
_bSWA
100 _aSWAIN S.K . .
245 _aMANAGEMENT OF VERTIGO MADE EASY
_hTextual Documents
260 _bJAYPEE BROTHERS MEDICAL PUB.
_c2016
300 _a156:
_bXIV;
_cPB.
930 _a7415
999 _c801942
_d801942
650 _aORTHO